Hellenistic philosophies /

Bibliographic Details
Main Author: More, Paul Elmer, 1864-1937
Format: Book
Language:English
Published: Princeton : Princeton University Press, 1923.
Series:His The Greek tradition, vol. II
Subjects:

MARC

Tag First Indicator Second Indicator Subfields
LEADER 00000cam a2200000 4500
001 in00000059037
005 20151008051016.0
008 741112s1923 eng u
010 |a  24002328  
035 |a (OCoLC)01072708 
035 |9 AAG4974AM 
040 |c BPS  |d TXA  |d UtOrBLW 
049 |a TXAM  |c [188579] 
050 0 0 |a B171  |b .M75 
082 0 |a 182 
092 |a 180  |b M836h 
100 1 |a More, Paul Elmer,  |d 1864-1937. 
245 1 0 |a Hellenistic philosophies /  |c by Paul Elmer More. 
264 1 |a Princeton :  |b Princeton University Press,  |c 1923. 
300 |a 385 pages ;  |c 22 cm. 
336 |a text  |b txt  |2 rdacontent 
337 |a unmediated  |b n  |2 rdamedia 
338 |a volume  |b nc  |2 rdacarrier 
490 0 |a His The Greek tradition, vol. II 
505 0 |a Aristippus.--Epicurus.--Cynics and Stoics.--Epictetus.--Plotinus.--Diogenes.--Scepticism.--Appendix[es] A-E. 
650 0 |a Philosophers, Ancient. 
650 0 |a Philosophy, Ancient. 
999 |a MARS 
999 f f |s 7f9f514c-cf2c-35dc-9536-915552aca082  |i 0bfb3f5a-c6ca-352f-a032-dcbcb738c75a  |t 0 
952 f f |p ric  |a Texas A&M University  |b Rellis Campus  |c Joint Library Facility  |d Remote Storage  |t 0  |e B171 .M75  |h Library of Congress classification  |i unmediated -- volume  |m A14800537541 
998 f f |a B171 .M75  |t 0  |l Remote Storage